000 00869nam a2200277 i 4500
003 EG-GICUC
005 20260324182730.0
008 260324s1906 ua ||||fr|||| 00| 0 eng d
040 _aEG-GiCUC
_beng
_cEG-GiCUC
_dEG-GiCUC
_eRda
041 _aeng
082 0 4 _221
_a343.1062
_bPE
092 0 4 _221
099 _aLaw1 10 343.1062 PE 1906
245 0 3 _aThe penal code of the Egyptian native tribunals :
_b(Translation) /
264 3 _aCairo :
_bNational Printing Department,
_c1906.
300 _a91 pages ;
_c24 cm.
336 _2rda contenu
_a texte
337 _2rda medias
_aOrdinateur
338 _2 transporteur rda
_a Ressource en ligne
546 _aText in English
650 1 _aCriminal law - Special part
_zEgypt
650 1 _aCriminal law
856 4 0 _uhttps://fll.law.cu.edu.eg/fulltext/bks/B10-08194.pdf
905 _a43
942 _2ddc
_n0
_cBK
_e21
999 _c66634
_d66634